[Event "Dortmund Sparkassen op-B"]
[Site "Dortmund"]
[Date "2013.08.04"]
[Round "9"]
[White "Schluetermann, Philipp"]
[Black "Jaskolka, Klaus"]
[Result "0-1"]
[WhiteElo "1442"]
[BlackElo "1696"]
[PlyCount "36"]
[EventDate "2013.07.27"]
[EventType "swiss"]
[EventRounds "9"]
[EventCountry "GER"]
[SourceTitle "EXT 2022"]
[Source "ChessBase"]
[SourceDate "2021.10.06"]
[SourceVersion "1"]
[SourceVersionDate "2021.10.06"]
[SourceQuality "1"]

1. c4 c5 2. Nc3 Nc6 3. Nf3 Nf6 4. g3 d6 5. Bg2 Bg4 6. 0-0 Qd7 7. Re1 Bh3 8. Bh1 g6 9. d3 h5 10. e4 Bg4 11. Qa4 Bxf3 12. Bxf3 h4 13. e5 Nxe5 14. Qxd7+ Kxd7 15. Bxb7 Rb8 16. Be4 hxg3 17. hxg3 Nxe4 18. dxe4 Nf3+ 0-1

[Event "Dortmund Sparkassen op-B"]
[Site "Dortmund"]
[Date "2012.07.18"]
[Round "5"]
[White "Herrmann, Christoph"]
[Black "Jaskolka, Klaus"]
[Result "1-0"]
[WhiteElo "1799"]
[BlackElo "1599"]
[PlyCount "95"]
[EventDate "2012.07.14"]
[EventType "swiss"]
[EventRounds "9"]
[EventCountry "GER"]
[SourceTitle "EXT 2014"]
[Source "ChessBase"]
[SourceDate "2013.11.20"]
[SourceVersion "1"]
[SourceVersionDate "2013.11.20"]
[SourceQuality "1"]

1. e4 e5 2. Nf3 d6 3. Nc3 Nf6 4. d4 exd4 5. Nxd4 Be7 6. Bd3 0-0 7. 0-0 a6 8. Nd5 Nxd5 9. exd5 Bf6 10. Be3 Nd7 11. c4 Ne5 12. Be2 Re8 13. h3 Bd7 14. Qd2 Rb8 15. Rae1 b5 16. b3 Rb7 17. f4 Ng6 18. cxb5 axb5 19. Rc1 Qe7 20. Nc2 Nh4 21. Bd3 Nf5 22. Bf2 Qd8 23. Rfe1 Rxe1+ 24. Rxe1 Qa8 25. Nb4 Rb8 26. Qc2 g6 27. Qxc7 Rb7 28. Qc2 Rb8 29. Nc6 Rb7 30. Qe2 Bc3 31. Rc1 b4 32. Ba6 Bxc6 33. dxc6 Re7 34. Bb7 Qd8 35. Qa6 Qc7 36. Rd1 Qb8 37. Qa8 Qxa8 38. Bxa8 Re8 39. Bb7 Ne7 40. Rxd6 Nc8 41. Rd7 Kg7 42. Bc5 h6 43. Rc7 Bd2 44. Bd4+ Kg8 45. Rxc8 Rxc8 46. Bxc8 Bxf4 47. Bb6 Kf8 48. Bb7 1-0

[Event "Goch op 22nd"]
[Site "Goch"]
[Date "2011.10.01"]
[Round "4"]
[White "Bajonczak, Helmut"]
[Black "Jaskolka, Klaus"]
[Result "1/2-1/2"]
[WhiteElo "1503"]
[BlackElo "1675"]
[PlyCount "120"]
[EventDate "2011.09.29"]
[EventType "swiss"]
[EventRounds "7"]
[EventCountry "GER"]
[SourceTitle "EXT 2014"]
[Source "ChessBase"]
[SourceDate "2013.11.20"]
[SourceVersion "1"]
[SourceVersionDate "2013.11.20"]
[SourceQuality "1"]

1. Nf3 d5 2. g3 Nf6 3. d3 c5 4. Bg2 Nc6 5. c3 e5 6. 0-0 Be7 7. Qc2 0-0 8. Nbd2 Bg4 9. Re1 Re8 10. e4 d4 11. c4 Bf8 12. a3 Rb8 13. Rb1 a6 14. Nf1 h6 15. Bd2 b5 16. b3 b4 17. a4 Rc8 18. Qc1 Qc7 19. Nh4 Qd7 20. f3 Be6 21. Qd1 g5 22. Nf5 Bxf5 23. exf5 Qxf5 24. Bc1 Qg6 25. Rb2 Bg7 26. Rf2 Na5 27. Qc2 Nd7 28. Nd2 f5 29. Bh3 Nf6 30. Kh1 Rc7 31. Rg1 Ree7 32. Nf1 Nb7 33. Bg2 Nd6 34. Re2 Qh7 35. Qd1 e4 36. f4 g4 37. h3 exd3 38. Rxe7 Rxe7 39. Qxd3 Nde4 40. Qc2 h5 41. h4 Qg6 42. Kh2 Qe8 43. Qd3 Qd7 44. Nd2 Kf8 45. Re1 Qe8 46. Rg1 Kf7 47. Nf1 Kg6 48. Nd2 Nf2 49. Qf1 N2e4 50. Qd3 Nxd2 51. Bxd2 Ne4 52. Re1 Nxd2 53. Rxe7 Qxe7 54. Qxd2 Qe3 55. Qxe3 dxe3 56. Bf1 Bd4 57. Be2 a5 58. Kg2 Kf6 59. Kf1 Bc3 60. Kg2 Bd4 1/2-1/2

[Event "Solingen Karneval op"]
[Site "Solingen"]
[Date "2011.03.05"]
[Round "3"]
[White "Zimmermann, Ulrich"]
[Black "Jaskolka, Klaus"]
[Result "1-0"]
[WhiteElo "2047"]
[BlackElo "1671"]
[PlyCount "65"]
[EventDate "2011.03.04"]
[EventType "swiss"]
[EventRounds "5"]
[EventCountry "GER"]
[SourceTitle "EXT 2015"]
[Source "ChessBase"]
[SourceDate "2014.11.20"]
[SourceVersion "1"]
[SourceVersionDate "2014.11.20"]
[SourceQuality "1"]

1. d4 d5 2. c4 e6 3. Nc3 Nf6 4. cxd5 exd5 5. Bg5 Be7 6. e3 0-0 7. Bd3 c6 8. Qc2 h6 9. Bf4 Nbd7 10. Nge2 Nh5 11. 0-0-0 Nxf4 12. Nxf4 Nf6 13. f3 c5 14. g4 c4 15. Bf5 b5 16. Nxb5 Bxf5 17. gxf5 Qa5 18. Nc3 Bd6 19. Nfe2 Rfe8 20. e4 dxe4 21. fxe4 Ng4 22. Rhg1 Ne3 23. Qd2 Nxd1 24. Qxh6 Bf8 25. Nd5 Qxd5 26. exd5 Rxe2 27. f6 g6 28. Rxg6+ fxg6 29. Qxg6+ Kh8 30. Qh5+ Kg8 31. Qxe2 Nxb2 32. Kxb2 Rc8 33. Qe6+ 1-0

[Event "Nettetal op"]
[Site "Nettetal"]
[Date "2010.07.09"]
[Round "7"]
[White "Jaskolka, Klaus"]
[Black "Backes, Juergen"]
[Result "1-0"]
[WhiteElo "1481"]
[BlackElo "1749"]
[PlyCount "85"]
[EventDate "2010.07.03"]
[EventType "swiss"]
[EventRounds "9"]
[EventCountry "GER"]
[SourceTitle "CBM 137 Extra"]
[Source "ChessBase"]
[SourceDate "2010.09.01"]
[SourceVersion "1"]
[SourceVersionDate "2010.09.01"]
[SourceQuality "1"]

1. d4 Nf6 2. Nf3 d6 3. c4 g6 4. Nc3 Bg7 5. e3 0-0 6. Bd3 Na6 7. a3 c5 8. 0-0 Bg4 9. h3 Bd7 10. d5 e5 11. e4 Nc7 12. Re1 a6 13. Rb1 Nh5 14. Be2 f5 15. Bg5 Qc8 16. Be7 Rf7 17. Bxd6 fxe4 18. Nxe5 Bxe5 19. Bxe5 Nf4 20. Nxe4 Nxe2+ 21. Rxe2 Ne8 22. Bg3 Bf5 23. Rc1 Bxe4 24. Rxe4 Nf6 25. Re2 Nh5 26. Bh2 Qf5 27. Qc2 Nf4 28. Re3 Qf6 29. Rf3 g5 30. Kf1 Qg7 31. Qd2 Raf8 32. Rcc3 Qh6 33. Bxf4 gxf4 34. g4 Qg5 35. Qe2 Re7 36. Qd2 Rg7 37. d6 h5 38. Qd5+ Qxd5 39. cxd5 hxg4 40. hxg4 b6 41. Rc4 Rxg4 42. d7 Rg5 43. Rcxf4 1-0

[Event "Duesseldorf Nord Cup 9th GrJ"]
[Site "Duesseldorf"]
[Date "2009.08.16"]
[Round "4"]
[White "Jaskolka, Klaus"]
[Black "Hobusch, Jan"]
[Result "0-1"]
[WhiteElo "1521"]
[BlackElo "1545"]
[PlyCount "66"]
[EventDate "2009.08.14"]
[EventType "tourn"]
[EventRounds "5"]
[EventCountry "GER"]
[SourceTitle "EXT 2020"]
[Source "ChessBase"]
[SourceDate "2019.10.17"]
[SourceVersion "1"]
[SourceVersionDate "2019.10.17"]
[SourceQuality "1"]

1. Nf3 Nf6 2. d4 g6 3. c4 Bg7 4. Nc3 0-0 5. e4 d6 6. Be2 Nbd7 7. 0-0 c5 8. e5 dxe5 9. dxe5 Ng4 10. Bf4 Ngxe5 11. Nxe5 Nxe5 12. Nd5 e6 13. Nc3 Bd7 14. Qb3 Bc6 15. Rad1 Qe7 16. Rfe1 Rfd8 17. Bf1 Rxd1 18. Qxd1 Rd8 19. Qc2 Ng4 20. h3 Nf6 21. Bg5 Qc7 22. Re3 Rd7 23. Bh4 Nh5 24. Ne2 a6 25. g4 Be5 26. Bg2 Bxg2 27. gxh5 Bc6 28. Bg3 Bxg3 29. Rxg3 Qd6 30. Nc3 Qe5 31. Qe2 Qxe2 32. Nxe2 Rd2 33. Nf4 Rd1+ 0-1